zpět

Detail výsledku týmu

Na Hladince, Moravská Třebová

Datum a čas kvízu

17 Celkem bodů Celkový počet nahraných bodů na tomto kvízu bez doplňovacích otázek.
7. Pořadí na kvízu Konečné umístění týmu na tomto kvízu.

Zaznamenané odpovědi

# Otázka Odpověď Body Výsledky
1. Centrum pro výzkum veřejného m... A 0
2. Další francouzský kostel zachv... Nantes 0
3. Jak se nazývá pražské muzeum,... Museum Kampa 0
4. Ve středu došlo na jedné ze so... Twitter 1
5. Univerzita v Manchesteru udělí... Marcus Rashford 0
6. Putování po našich dálnicích n... Český Šternberk 1
7. Na D1 ještě zůstaneme. Již od... U Rybiček 0
8. Když pojedeme po D8, nemůžeme... V tomto roce zde byl vyzvednut základní kámen pro stavbu Národního divadla. 0
9. Po dálnici D10 se dostaneme až... Dlaskův statek 0
10. Přiřaďte následující zajímavá... 1D 2B 3C 4A 0